000 00569nam a2200157 4500
008 160801b xxu||||| |||| 00| 0 eng d
020 _a1582554498 (alk.paper)
020 _a0781779006 (Phil.ed.)
082 _22006
_aDC 616.07076
_bSt8
245 _aStraight a's in pathophysiology:
_ba review series.
260 _aPhiladephia:
_bLippincott Williams & Wilkins,
_cc2006.
300 _aviii, 567 pages:
_billustrations;
_c22 cm.
500 _aIncludes glossary, bibliographical references and index.
650 0 _912146
_aPathology
_xExamination questions
942 _2ddc
_cDC
999 _c3647
_d3647